000 02052nam0a2200337 4500
001 RU\NLR\bibl\1114621
005 20260405134605.0
010 _a5-243-000-59-0
_9250
021 _aRU
_b2007-42757
_92288
035 _a(nilc)RSL-KNO-003140629
035 _a(NLR Aleph) 001101632
090 _a1181960
_c1181960
100 _a20070703d2003 |||y0rusy50 ca
101 0 _arus
102 _aRU
105 _ay |||||||||
200 1 _aПросто Венера
_e[рассказы, пьесы, стихи]
_fВалентина Борисова
_gПравительство Москвы, Деп. образования г. Москвы, Моск. гос. пед. ун-т
210 _aМосква
_cМосковский городской педагогический университет
_d2003
215 _a67 с.
_d20
327 1 _aСодерж.: Рассказы: Просто Венера; Все клады заговоренные; Петров день; Пепела (или уроки грузинского); Май не кончается; Притча про двух Иванов, Ивана-честного и Ивана-чудесного; Лесничиха; Пьесы: Смуглый отрок; Стихи
610 0 _aФилологические науки. Художественная литература -- Российская Федерация -- Русская литература -- с сер. 50-х гг. 20 в. -- Произведения художественной литературы -- Собрания сочинений и сборники произведений разных жанров одного автора
686 _aШ5(2=Р)75-6я44
_2rubbk
686 _aШ6(2=Р)75я44
700 1 _4070
_7ca
_8rus
_aБорисова
_bВ.
_cписательница
_gВалентина
_938009
_3RU\NLR\auth\7755077
801 0 _aRU
_bРКП
_c20070703
801 1 _aRU
_bРГБ
_c20070703
801 2 _aRU
_bNLR
_c20070802
_grcr
942 _cBOOK
980 _aNB